| 000 | 00641nam a2200217Ia 4500 | ||
|---|---|---|---|
| 005 | 20250508170137.0 | ||
| 008 | 008 250505s9999 xx 000 0 eng d | ||
| 020 | _a978-1-4462-7041-7 | ||
| 037 | _aTextBook | ||
| 040 |
_aFEDL _beng _cFEDL |
||
| 041 |
_aeng _2eng |
||
| 084 |
_a107, VIC/R _qFEDL |
||
| 100 |
_aVictor P George Ed. _9783199 |
||
| 245 | 0 | _aTeaching philosophy in the twenty- first century | |
| 260 |
_aNew Delhi, India _bD K Printworld _c2002 |
||
| 300 | _axv, 216p. | ||
| 365 |
_aINR _b380 |
||
| 490 | _aAndhra University Philosophical Studies; 4 | ||
| 942 |
_cTB _h107, VIC/R |
||
| 999 |
_c1399438 _d1399438 |
||